header

GMAT Math prep course (Record no. 209018)

MARC details
000 -LEADER
fixed length control field 01304nam a2200325Ia 4500
100 1# - MAIN ENTRY--AUTHOR NAME
Personal name Kolby, Jeff.
245 10 - TITLE STATEMENT
Title GMAT Math prep course
260 ## - PUBLICATION, DISTRIBUTION, ETC. (IMPRINT)
Place of publication Los Angeles, CA :
Name of publisher Nova Press,
Year of publication c2009.
300 ## - PHYSICAL DESCRIPTION
Number of Pages 528 p. :
Other physical details ill.
490 1# - SERIES STATEMENT
Series statement PrepCourse series
650 #0 - SUBJECT ADDED ENTRY--TOPICAL TERM
Topical Term Graduate Management Admission Test
Topical Term Mathematics
Topical Term Universities and colleges
700 1# - ADDED ENTRY--PERSONAL NAME
Personal name Vaughn, Derrick.
856 40 - ELECTRONIC LOCATION AND ACCESS
Uniform Resource Identifier http://site.ebrary.com/lib/rucke/Doc?id=10359410

No items available.

© 2026 Rongo University
Contact us: librarian | system librarian | Rongo university